| 000 | 01229nam a2200373 a 4500 | ||
|---|---|---|---|
| 001 | 32704 | ||
| 003 | FlNmELB | ||
| 005 | 20241216220749.0 | ||
| 006 | m o d | | ||
| 007 | cr cn||||||||| | ||
| 008 | 201202r2003 sp |||||s|||||||||||spa d | ||
| 017 | _aD.L.BI.1.050-2003 | ||
| 020 | _z9788433017819 | ||
| 035 | _a(MiAaPQ)EBC3197028 | ||
| 035 | _a(Au-PeEL)EBL3197028 | ||
| 035 | _a(CaPaEBR)ebr10527093 | ||
| 035 | _a(OCoLC)929323357 | ||
| 040 |
_aFlNmELB _bspa _cFlNmELB |
||
| 050 | 4 |
_aBF697.5.S46 _bP762 2003 |
|
| 080 | _a159.923.2 | ||
| 082 | 0 | 4 |
_a158.1 _222 |
| 100 | 1 | _aPolaino-Lorente, Aquilino. | |
| 245 | 1 | 3 |
_aEn busca de la autoestima perdida _h[recurso electronico] / _cAquilino Polaino-Lorente. |
| 250 | _a3a. ed. | ||
| 260 |
_aBilbao : _bDesclée deBrouwer, _c2003. |
||
| 300 | _a239 p. | ||
| 490 | 0 |
_aA los cuatro vientos ; _v18 |
|
| 533 | _aRecurso electrónico. Santa Fe, Arg.: e-libro, 2015. Disponible vía World Wide Web. El acceso puede estar limitado para las bibliotecas afiliadas a e-libro. | ||
| 650 | 4 | _aAutoestima. | |
| 650 | 4 | _aSelf-esteem. | |
| 655 | 4 | _aLibros electrónicos. | |
| 710 | 2 | _ae-libro, Corp. | |
| 856 | 4 | 0 | _uhttps://elibro.net/ereader/politecnicointernacional/47681 |
| 999 |
_c32704 _d32704 |
||